000 04095nam a22008297a 4500
003 CHAP
005 20220329134755.0
008 971013s1832 r 00010 d
010 _a25683
011 _a26655
035 _a30756
040 _cCHAP
082 _a574
_bB8Y
100 0 0 _aBuffon, Georges Louis Leclerc.
_915995
245 _aObras completas de Buffon, aumentadas con artículos suplementarios sobre diversos animales no conocidos de Buffon, por Cuvier
260 _aBarcelona :
_bImpr. de A. Bergnes y Ca.,
_c1832-35
300 _a59 v.
_b: ilus.
590 _aBATCH-UPD
_b10
_c20130110
_lUCH01
_h1741
590 _aCONVERSION
_b10
_c20130109
_lUCH01
_h1315
650 1 4 _aCiencias naturales.
_923181
700 0 _aCuvier, Georges.
_930769
901 _aBK
942 _cLIBRO
949 _a574 B8Y
_bBC
_cBPP
_d-138470
_eBPP
_fv.5
_h7958
_i30756
_si
949 _a574 B8Y
_bBC
_cBPP
_d-138471
_eBPP
_fv.6
_h7959
_i30756
_si
949 _a574 B8Y
_bBC
_cBPP
_d-138472
_eBPP
_fv.7
_h7960
_i30756
_si
949 _a574 B8Y
_bBC
_cBPP
_d-138474
_eBPP
_fv.8
_h7961
_i30756
_si
949 _a574 B8Y
_bBC
_cBPP
_d-138475
_eBPP
_fv.9
_h7962
_i30756
_si
949 _a574 B8Y
_bBC
_cBPP
_d-138476
_eBPP
_fv.10
_h7963
_i30756
_si
949 _a574 B8Y
_bBC
_cBPP
_d-138477
_eBPP
_fv.12
_h7964
_i30756
_si
949 _a574 B8Y
_bBC
_cBPP
_d-138478
_eBPP
_fv.13
_h7965
_i30756
_si
949 _a574 B8Y
_bBC
_cBPP
_d-138479
_eBPP
_fv.14
_h7966
_i30756
_si
949 _a574 B8Y
_bBC
_cBPP
_d-138480
_eBPP
_fv.15
_h7967
_i30756
_si
949 _a574 B8Y
_bBC
_cBPP
_d-138481
_eBPP
_fv.17
_h7968
_i30756
_si
949 _a574 B8Y
_bBC
_cBPP
_d-138482
_eBPP
_fv.18
_h7069
_i30756
_si
949 _a574 B8Y
_bBC
_cBPP
_d-138483
_eBPP
_fv.19
_h7970
_i30756
_si
949 _a574 B8Y
_bBC
_cBPP
_d-138484
_eBPP
_fv.20
_h7971
_i30756
_si
949 _a574 B8Y
_bBC
_cBPP
_d-138485
_eBPP
_fv.21
_h7972
_i30756
_si
949 _a574 B8Y
_bBC
_cBPP
_d-138486
_eBPP
_fv.22
_h7973
_i30756
_si
949 _a574 B8Y
_bBC
_cBPP
_d-138487
_eBPP
_fv.24
_h7975
_i30756
_si
949 _a574 B8Y
_bBC
_cBPP
_d-138488
_eBPP
_fv.25
_h7976
_i30756
_si
949 _a574 B8Y
_bBC
_cBPP
_d-138489
_eBPP
_fv.26
_h7977
_i30756
_si
949 _a574 B8Y
_bBC
_cBPP
_d-138490
_eBPP
_fv.27
_h7978
_i30756
_si
949 _a574 B8Y
_bBC
_cBPP
_d-138491
_eBPP
_fv.28
_h7979
_i30756
_si
949 _a574 B8Y
_bBC
_cBPP
_d-138492
_eBPP
_fv.29
_h7980
_i30756
_si
949 _a574 B8Y
_bBC
_cBPP
_d-138493
_eBPP
_fv.30
_h7981
_i30756
_si
949 _a574 B8Y
_bBC
_cBPP
_d-138494
_eBPP
_fv.31
_h7982
_i30756
_si
949 _a574 B8Y
_bBC
_cBPP
_d-138495
_eBPP
_fv.32
_h7983
_i30756
_si
949 _a574 B8Y
_bBC
_cBPP
_d-138496
_eBPP
_fv.35
_h7984
_i30756
_si
949 _a574 B8Y
_bBC
_cBPP
_d-138497
_eBPP
_fv.36
_h7985
_i30756
_si
949 _a574 B8Y
_bBC
_cBPP
_d-138498
_eBPP
_fv.37
_h7986
_i30756
_si
949 _a574 B8Y
_bBC
_cBPP
_d-138499
_eBPP
_fv.39
_h7987
_i30756
_si
949 _a574 B8Y
_bBC
_cBPP
_d-138500
_eBPP
_fv.40
_h7988
_i30756
_si
949 _a574 B8Y
_bBC
_cBPP
_d-138501
_eBPP
_fv.41
_h7989
_i30756
_si
949 _a574 B8Y
_bBC
_cBPP
_d-138502
_eBPP
_fv.43
_h7990
_i30756
_si
949 _a574 B8Y
_bBC
_cBPP
_d-138503
_eBPP
_fv.44
_h7991
_i30756
_si
949 _a574 B8Y
_bBC
_cBPP
_d-138504
_eBPP
_fv.45
_h7992
_i30756
_si
949 _a574 B8Y
_bBC
_cBPP
_d-138505
_eBPP
_fv.46
_h7993
_i30756
_si
949 _a574 B8Y
_bBC
_cBPP
_d-138506
_eBPP
_fv.48
_h7994
_i30756
_si
949 _a574 B8Y
_bBC
_cBPP
_d-138507
_eBPP
_fv.49
_h7995
_i30756
_si
949 _a574 B8Y
_bBC
_cBPP
_d-138508
_eBPP
_fv.50
_h7996
_i30756
_si
949 _a574 B8Y
_bBC
_cBPP
_d-138509
_eBPP
_fv.51
_h7997
_i30756
_si
949 _a574 B8Y
_bBC
_cBPP
_d-138510
_eBPP
_fv.52
_h7998
_i30756
_si
949 _a574 B8Y
_bBC
_cBPP
_d-138511
_eBPP
_fv.53
_h7999
_i30756
_si
949 _a574 B8Y
_bBC
_cBPP
_d-138512
_eBPP
_fv.54
_h7800
_i30756
_si
949 _a574 B8Y
_bBC
_cBPP
_d-138513
_eBPP
_fv.55
_h7801
_i30756
_si
949 _a574 B8Y
_bBC
_cBPP
_d-138514
_eBPP
_fv.56
_h7802
_i30756
_si
949 _a574 B8Y
_bBC
_cBPP
_d-138515
_eBPP
_fv.57
_h7803
_i30756
_si
949 _a574 B8Y
_bBC
_cBPP
_d-138516
_eBPP
_fv.58
_h7804
_i30756
_si
949 _a574 B8Y
_bBC
_cBPP
_d-138517
_eBPP
_fv.59
_h7805
_i30756
_si
949 _a574 B8Y
_bBC
_cBPP
_d-71136
_eBPP
_fv.3
_h7957
_i30756
_si
999 _c25683
_d25683